| Record ID | ia:principlesofcomp0000schn |
| Source | Internet Archive |
| Download MARC XML | https://archive.org/download/principlesofcomp0000schn/principlesofcomp0000schn_marc.xml |
| Download MARC binary | https://www.archive.org/download/principlesofcomp0000schn/principlesofcomp0000schn_meta.mrc |
LEADER: 01823cam 2200541 a 4500
001 ocm11187485
003 OCoLC
005 20190105091353.0
008 840905s1985 nyua 001 0 eng
010 $a 84020853
040 $aDLC$beng$cDLC$dUKM$dBTCTA$dLVB$dYDXCP$dCUY$dDEBBG$dTULIB$dOCLCO$dOCLCF$dOCLCQ$dOCLCO
015 $aGB8816907$2bnb
019 $a17676069$a59236427
020 $a0471885525
020 $a9780471885528
035 $a(OCoLC)11187485$z(OCoLC)17676069$z(OCoLC)59236427
050 00 $aQA76.9.A73$bS36 1985
080 $a681.3
082 00 $a001.64$219
084 $aQH 500$2rvk
084 $aST 150$2rvk
100 1 $aSchneider, G. Michael.
245 14 $aThe principles of computer organization /$cG. Michael Schneider.
260 $aNew York :$bWiley,$c℗♭1985.
300 $axvii, 526 pages :$billustrations ;$c25 cm
336 $atext$btxt$2rdacontent
337 $aunmediated$bn$2rdamedia
338 $avolume$bnc$2rdacarrier
500 $aIncludes index.
650 0 $aComputer organization.
650 0 $aAssembly languages (Electronic computers)
650 6 $aOrdinateurs$xArchitecture.
650 6 $aLangage assembleur (Langage de programmation)
650 7 $aAssembly languages (Electronic computers)$2fast$0(OCoLC)fst01800564
650 7 $aComputer organization.$2fast$0(OCoLC)fst00872356
650 7 $aAssembler$2gnd
650 7 $aComputerarchitektur$2gnd
653 $aComputer systems
938 $aBaker and Taylor$bBTCP$n84020853 //r89
938 $aYBP Library Services$bYANK$n426377
029 1 $aAU@$b000003665305
029 1 $aDEBBG$bBV005337093
029 1 $aDEBBG$bBV021872627
029 1 $aGBVCP$b021534829
029 1 $aHR0$b0471885525
029 1 $aNZ1$b3101896
994 $aZ0$bP4A
948 $hNO HOLDINGS IN P4A - 179 OTHER HOLDINGS